Hearing : (Record no. 9414)
[ view plain ]
| 000 -LEADER | |
|---|---|
| fixed length control field | 01095nam a22002897a 4500 |
| 001 - CONTROL NUMBER | |
| control field | 9414 |
| 003 - CONTROL NUMBER IDENTIFIER | |
| control field | FISKH |
| 005 - DATE AND TIME OF LATEST TRANSACTION | |
| control field | 20260106101108.0 |
| 008 - FIXED-LENGTH DATA ELEMENTS--GENERAL INFORMATION | |
| fixed length control field | 260106b cb ||||| |||| 00| 0 eng d |
| 020 ## - INTERNATIONAL STANDARD BOOK NUMBER | |
| International Standard Book Number | 051487010075 |
| 040 ## - CATALOGING SOURCE | |
| Original cataloging agency | FISKH |
| Language of cataloging | eng |
| Transcribing agency | FISKH |
| Modifying agency | FISKH |
| 050 ## - LIBRARY OF CONGRESS CALL NUMBER | |
| Classification number | QP462 .S65 |
| 082 ## - DEWEY DECIMAL CLASSIFICATION NUMBER | |
| Classification number | 612.85 |
| 100 ## - MAIN ENTRY--PERSONAL NAME | |
| Personal name | Smith, Kathie Billingslea |
| Relator term | Author |
| 245 ## - TITLE STATEMENT | |
| Title | Hearing : |
| Remainder of title | A troll question book / |
| Statement of responsibility, etc. | By Kathie Billingslea Smith & Victoria Crenson ; Illustrated by Robert S. Storms ; Medical Consultant: Ira T. Fine, M.D. |
| 260 ## - PUBLICATION, DISTRIBUTION, ETC. | |
| Place of publication, distribution, etc. | New Jersey : |
| Name of publisher, distributor, etc. | Troll Associates , |
| Date of publication, distribution, etc. | 1988 |
| 300 ## - PHYSICAL DESCRIPTION | |
| Extent | 16 unnumbered pages : |
| Other physical details | color illustrations ; |
| Dimensions | 21 cm |
| 505 ## - FORMATTED CONTENTS NOTE | |
| Formatted contents note | J<br/> |
| 520 ## - SUMMARY, ETC. | |
| Summary, etc. | Questions and answers provide basic information about hearing and the ear, covering such topics as "Can I hear things when I'm asleep?" and "How do I take care of my ears?" |
| 521 8# - TARGET AUDIENCE NOTE | |
| Target audience note | 400<br/> |
| Source | Lexile estimate<br/> |
| 521 8# - TARGET AUDIENCE NOTE | |
| Target audience note | J<br/> |
| Source | Raz-Plus<br/> |
| 650 ## - SUBJECT ADDED ENTRY--TOPICAL TERM | |
| Topical term or geographic name entry element | Early non-fiction |
| Form subdivision | Five senses |
| 650 ## - SUBJECT ADDED ENTRY--TOPICAL TERM | |
| Topical term or geographic name entry element | Health |
| Form subdivision | Hearing |
| 700 ## - ADDED ENTRY--PERSONAL NAME | |
| Personal name | Storms, Robert S. |
| Relator term | Illustrator |
| 942 ## - ADDED ENTRY ELEMENTS (KOHA) | |
| Source of classification or shelving scheme | Dewey Decimal Classification |
| Koha item type | Books |
| Suppress in OPAC | No |
| Withdrawn status | Lost status | Source of classification or shelving scheme | Damaged status | Not for loan | Collection | Home library | Current library | Shelving location | Date acquired | Total Checkouts | Full call number | Barcode | Date last seen | Copy number | Price effective from | Koha item type |
|---|---|---|---|---|---|---|---|---|---|---|---|---|---|---|---|---|
| Dewey Decimal Classification | Non-Fiction | Footprints International School Library Network Toul Tom Poung Campus | Footprints International School Library Network Toul Tom Poung Campus | TTP Primary Dark Blue Bookshelves | 01/06/2026 | SMI 612.85 QP462 .S65 | FIS02531 | 01/06/2026 | 1 | 01/06/2026 | Books |
